| Tag |
First Indicator |
Second Indicator |
Subfields |
| LEADER |
00000cam a22000001a 4500 |
| 001 |
in00002808313 |
| 005 |
20190331182606.0 |
| 006 |
m o d |
| 007 |
cr bn mmmapmmp |
| 008 |
100104s1846 dcud o f000 0 eng d |
| 035 |
|
|
|a cis2004339907
|
| 040 |
|
|
|a UMI
|c UMI
|d UtOrBLW
|
| 043 |
|
|
|a n-us---
|
| 099 |
|
|
|a ProQuest Serial Set Number 486 H.doc.215
|
| 110 |
1 |
|
|a United States.
|b Department of State.
|
| 245 |
1 |
0 |
|a Registered American seamen. Letter from the Secretary of State, transmitting an abstract of the returns of collectors of customs, showing the number of seamen registered in each port of the United States during the year ending the 30th of September last.
|
| 246 |
1 |
|
|a Abstract of registered American seamen, 1845
|
| 264 |
|
1 |
|a Washington :
|b [publisher not identified],
|c 1846.
|
| 300 |
|
|
|a 1 online resource.
|
| 336 |
|
|
|a text
|b txt
|2 rdacontent
|
| 337 |
|
|
|a computer
|b c
|2 rdamedia
|
| 338 |
|
|
|a online resource
|b cr
|2 rdacarrier
|
| 490 |
0 |
|
|a H.doc.215
|
| 500 |
|
|
|a Record is based on bibliographic data in ProQuest U.S. Serial Set Digital Collection (last viewed Jan. 2010). Reuse except for individual research requires license from ProQuest, LLC.
|
| 510 |
3 |
|
|a ProQuest U.S. Serial Set Digital Collection
|
| 500 |
|
|
|a Electronic resource.
|
| 650 |
|
0 |
|a Merchant mariners.
|
| 655 |
|
7 |
|a Electronic books.
|2 local
|
| 710 |
2 |
|
|a ProQuest (Firm)
|
| 830 |
|
0 |
|a United States congressional serial set.
|
| 856 |
4 |
0 |
|u http://proxy.library.tamu.edu/login?url=http://congressional.proquest.com/congcomp/getdoc?SERIAL-SET-ID=486+H.doc.215
|z Connect to the full text of this electronic book
|t 0
|
| 999 |
|
|
|a MARS
|
| 999 |
f |
f |
|s 67ff094e-dcd6-33ef-8653-963ea50e35cd
|i 07b748cd-7a9e-3d22-9c33-d8d20752c282
|t 0
|
| 952 |
f |
f |
|a Texas A&M University
|b College Station
|c Electronic Resources
|d Available Online
|t 0
|e ProQuest Serial Set Number 486 H.doc.215
|h Other scheme
|
| 998 |
f |
f |
|a ProQuest Serial Set Number 486 H.doc.215
|t 0
|l Available Online
|